000
00194nam a22000857a 4500
003
SGT
245
_a
Journal of Cranio Maxillofacial SUrgeyr
260
_b
Science Direct
_c
2013-2016
942
_2
ddc
_c
BV
999
_c
29885
_d
29885